Conditions of life and work of indigenous populations of Latin American countries. (Record no. 36668)

MARC details
000 -LEADER
fixed length control field 01255cam a22003011 4500
001 - CONTROL NUMBER
control field l 50000011
003 - CONTROL NUMBER IDENTIFIER
control field DLC
005 - DATE AND TIME OF LATEST TRANSACTION
control field 20260227111541.0
008 - FIXED-LENGTH DATA ELEMENTS--GENERAL INFORMATION
fixed length control field 760712s1949 sz i000 0 eng c
010 ## - LIBRARY OF CONGRESS CONTROL NUMBER
LC control number l 50000011
035 ## - SYSTEM CONTROL NUMBER
System control number (OCoLC)2306216
040 ## - CATALOGING SOURCE
Original cataloging agency U.S. Dept. of Labor Library
Transcribing agency WEU
Modifying agency OCoLC
-- DLC
042 ## - AUTHENTICATION CODE
Authentication code premarc
050 00 - LIBRARY OF CONGRESS CALL NUMBER
Classification number E65
Item number .I5
110 2# - MAIN ENTRY--CORPORATE NAME
Corporate name or jurisdiction name as entry element International Labour Office.
245 10 - TITLE STATEMENT
Title Conditions of life and work of indigenous populations of Latin American countries.
Remainder of title Report submitted on the second item on the agenda.
260 ## - PUBLICATION, DISTRIBUTION, ETC.
Place of publication, distribution, etc. Geneva,
Date of publication, distribution, etc. 1949.
300 ## - PHYSICAL DESCRIPTION
Extent 142 p.
Dimensions 24 cm.
500 ## - GENERAL NOTE
General note At head of title: Report 2. 4th Conference of American States Members of the International Labour Organisation, Montevideo, Apr. 1949.
500 ## - GENERAL NOTE
General note Appendix (p. [117]-142): Historical antecedents of the Indian problem, by V.G. Garcés.
500 ## - GENERAL NOTE
General note Erratum slip inserted.
650 #0 - SUBJECT ADDED ENTRY--TOPICAL TERM
Topical term or geographic name entry element Labor and laboring classes
Geographic subdivision Latin America.
650 #0 - SUBJECT ADDED ENTRY--TOPICAL TERM
Topical term or geographic name entry element Indians.
650 #0 - SUBJECT ADDED ENTRY--TOPICAL TERM
Topical term or geographic name entry element Indians
General subdivision Economic conditions.
650 #0 - SUBJECT ADDED ENTRY--TOPICAL TERM
Topical term or geographic name entry element Labor laws and legislation
Geographic subdivision Latin America.
711 2# - ADDED ENTRY--MEETING NAME
Meeting name or jurisdiction name as entry element Conference of American States Members of the International Labour Organisation
Number of part/section/meeting (4th :
Date of meeting or treaty signing 1949 :
Location of meeting Montevideo)
700 1# - ADDED ENTRY--PERSONAL NAME
Personal name Garcés, Víctor Gabriel.

No items available.

Powered by Koha